Diputació de Barcelona - Europa / Lídia Arias
Descripción Física:
75 p. ; 30 cm
MARC
| LEADER | 00000nam a2200000Ia 4500 | ||
|---|---|---|---|
| 001 | 13047 | ||
| 008 | 160829s1989 xx 000 0 cat d | ||
| 080 | |a M-3-400 | ||
| 100 | |a Arias, Lídia |9 31793 | ||
| 245 | |a Diputació de Barcelona - Europa / Lídia Arias | ||
| 260 | |a [S.l.] : |b [S.n.], |c 1989 | ||
| 300 | |a 75 p. ; |c 30 cm | ||
| 610 | 1 | 0 | |a Barcelona (Catalunya : Província). |b Diputació |9 52408 |
| 650 | |a Comunitat Econòmica Europea |9 36571 | ||
| 710 | 1 | |a Barcelona (Catalunya : Província). |b Diputació |9 52408 | |
| 901 | |a Arxiu | ||
| 942 | |n 1 | ||
| 952 | |0 0 |1 0 |4 0 |6 M3400 |7 1 |9 45758 |a Arxiu |b Arxiu |d 2016-12-01 |l 0 |o M-3-400 |p 13047 |r 2016-12-01 00:00:00 |w 2016-12-01 |y ARXIU | ||
| 999 | |c 49258 |d 49258 | ||